Datum a čas kvízu
21
Celkem bodů
Celkový počet nahraných bodů na tomto kvízu bez doplňovacích otázek.
13.
Pořadí na kvízu
Konečné umístění týmu na tomto kvízu.
Zaznamenané odpovědi
| # | Otázka | Odpověď | Body | Výsledky |
|---|---|---|---|---|
| 1. | Minulý týden vydalo české vývo... | Kingdom Come (Deliverance II) | 1 | |
| 2. | Český řidič kamionu v pondělí... | B) do běžkařské stopy | 0 | |
| 3. | Jeden americký umělec obdržel... | Kendrick Lamar | 1 | |
| 4. | Jedna japonská automobilka ve... | Nissan, Honda | 0 | |
| 5. | 61letý trenér druholigového kl... | Pavel Vrba | 1 | |
| 6. | Kterým podstatným jménem se oz... | bakteriofágy/fágy | 0 | |
| 7. | V roce 2016 vyhlásila WHO glob... | zika | 0 | |
| 8. | Přiřaďte viry k onemocněním, k... | 1B 2A 3D 4C | 0 | |
| 9. | Viry mají svou genetickou info... | U (uracil) | 0 | |
| 10. | V oblíbené ptačí rezervaci z n... | Pandemie | 0 |